• 首页
  • 本馆介绍
  • 公告通知
  • 最新文献
  • 馆藏检索
  • 电子资源
  • 读者导购
  • 参考咨询
  • 我的图书馆
  • 登录
  • 详细信息显示
  • 放入我的书架
  • 预约/预借图书
  • 作者相关作品
  • 分类相关作品
  • 丛书相关作品
  • 出版社相关作品

书目信息

  • 表格格式
  • 工作单格式
  • 卡片格式
题名:
你的孩子的言语
    
 
作者: 施赖伯 , Schreibert 著 ;高明 译
分册:  
出版信息: 北京   北京出版社  1982
页数: 213页
开本: 19cm
丛书名:
单 册:
中图分类: G613.2 , G61
科图分类:
主题词: 学前儿童-语言教学 , 语言教学-学前儿童
电子资源:
ISBN:
000 00938nam0 2200301 45
001 1547574570
005 20150128081818.46
010    @dCNY0.53
091    @aCN@b7071.763
100    @a19950428d1982 em y0chiy0121 ea
101 1  @achi@ceng
102    @aCN@b110000
105    @ay z 000yy
200 10 @a你的孩子的言语@Ani de hai zi de yan yu@e五岁前儿童语言教育实用指南@f(美)施赖伯(F.R. Schriber)著@g高明译
210    @a北京@c北京出版社@d1982
215    @a213页@d19cm
300    @a书名原文:Your Child's Speech
510 1  @aYour Child's Speech@zeng
517 1  @a五岁前儿童语言教育实用指南@Awu sui qian er tong yu yan jiao yu shi yong zhi nan
606    @a学前儿童-语言教学
606    @a语言教学-学前儿童
690    @aG613.2@v3
690    @aG61@v4
701  1 @a施赖伯@Ashi lai bai@bF.R.@4著
701 A1 @aSchreibert@bF.R.@4著
702  0 @a高明@Agao ming@4译
801  0 @aCN@bTSSF@c20150128
905    @aZUCC@dG61@eJY16
    
    你的孩子的言语:五岁前儿童语言教育实用指南/(美)施赖伯(F.R. Schriber)著/高明译.-北京:北京出版社,1982
    213页;19cm
    书名原文:Your Child's Speech
    
    ISBN :CNY0.53
    
●
相关链接 在E读中查询图书 在五车中查询图书 在当当中查询图书 在豆瓣中查询图书


正题名:你的孩子的言语     索取号:G61/JY16         预约/预借

序号 登录号 条形码 馆藏地/架位号 状态 备注
1 7843841   278438415   学院路分馆/ [索取号:G61/JY16] 在馆    
2 7843842   278438424   学院路分馆/ [索取号:G61/JY16] 在馆    
唐山师范学院图书馆 欢迎您!
大连网信软件有限公司© 版权所有